Welcome to the Holygrace Academy Library

Please use search bar below to get started

DISCOVER YOUR ZX SPECTRUM (Record no. 1642)

MARC details
000 -LEADER
fixed length control field 00322nam a22001337a 4500
020 ## - INTERNATIONAL STANDARD BOOK NUMBER
ISBN 0-7126-0424-3
082 ## - DEWEY DECIMAL CLASSIFICATION NUMBER
Classification number 000
Item number RAM/D
100 ## - MAIN ENTRY--AUTHOR NAME
Personal name RAMSHAW, MARK
245 ## - TITLE STATEMENT
Title DISCOVER YOUR ZX SPECTRUM
260 ## - PUBLICATION, DISTRIBUTION, ETC. (IMPRINT)
Place of publication LONDON
Name of publisher CENTURY PUBLICATIONS
Year of publication 1984
300 ## - PHYSICAL DESCRIPTION
Number of Pages 113
650 ## - SUBJECT ADDED ENTRY--TOPICAL TERM
Topical Term COMPUTER SCIENCE REFERENCE
Geographic subdivision INDIA
942 ## - ADDED ENTRY ELEMENTS (KOHA)
Koha item type Books
Holdings
Withdrawn status Lost status Collection code Home library Current library Shelving location Date acquired Source of acquisition Full call number Accession Number Koha item type
    Reference Main Library Main Library SHELF-5- I - REFERENCE ECONOMICS COMPUTER SCIENCE 12/03/2002 purchase 000 RAM/D 00932 Books